Budovanie identity a imidžu značky Almaf beauty diplomová práca

Na minha lista:
Detalhes bibliográficos
Autor principal: Boboková, Dominika
Autor Corporativo: Obchodná fakulta EU. Katedra marketingu
Outros Autores: Klepochová, Dagmar, 1968-
Formato: Livro
Idioma:eslovaco
Publicado em: Bratislava 2025
Tags: Adicionar Tag
Sem tags, seja o primeiro a adicionar uma tag!

MARC

LEADER 00000nbm a2200000 4500
001 0310116
005 20260312100654.4
041 0 |a slo 
044 |a SK 
245 1 0 |a Budovanie identity a imidžu značky Almaf beauty  |b diplomová práca  |c Dominika Boboková ; školiteľ: Dagmar Klepochová 
264 1 |a Bratislava  |c 2025 
300 |a 75 s. 
100 1 |a Boboková, Dominika 
700 1 |a Klepochová, Dagmar, 1968- 
710 2 |a Obchodná fakulta EU. Katedra marketingu